| 000 | 00328pam a2200133 a 4500 | ||
|---|---|---|---|
| 020 | _c | ||
| 041 | _h | ||
| 082 |
_a743.028 _bBED |
||
| 100 | _aQuentin ole- La - Bedoyere . | ||
| 245 |
_aHow to paint Drawing Techniques _hTextual Documents |
||
| 260 |
_a[s.l]: _bSearch press, _c2015. |
||
| 300 |
_a32: _bpaper. |
||
| 930 | _a7972 | ||
| 999 |
_c241762 _d241762 |
||